Motivácia zamestnancov vo vzťahu ku kvalite pracovného výkonu

Prezentácia výsledkov analýz motivácie zamestnancov v spoločnosti Slovak Telekom, a.s., na úseku Informačných a asistenčných služieb. Definovanie oblastí motivácie, ktoré majú vplyv na kvalitu pracovného výkonu zamestnancov.

Saved in:
Bibliographic Details
Main Author: Šušňáková, Viktória
Format: Book Chapter
Language:Slovak
Subjects:
Tags: Add Tag
No Tags, Be the first to tag this record!

MARC

LEADER 00000nla$a2200000$$$4500
001 0120633
005 20240502072348.2
041 0 |a slo 
044 |a SK 
245 1 0 |a Motivácia zamestnancov vo vzťahu ku kvalite pracovného výkonu  |c Viktória Šušňáková 
520 |a Prezentácia výsledkov analýz motivácie zamestnancov v spoločnosti Slovak Telekom, a.s., na úseku Informačných a asistenčných služieb. Definovanie oblastí motivácie, ktoré majú vplyv na kvalitu pracovného výkonu zamestnancov. 
610 2 0 |a riadenie ľudských zdrojov 
610 2 0 |a motivácia pracovná 
610 2 0 |a zamestnanci 
610 2 0 |a výkony pracovné 
610 2 0 |a kvalita práce 
610 2 0 |a iniciatíva pracovná 
610 2 0 |a podnety k práci 
610 2 0 |a stimuly hmotné 
610 2 0 |a spokojnosť v práci 
100 1 |a Šušňáková, Viktória